Statistics for Pokémon starting with a G (generation 1-7)

Click here to take the quiz!

General Stats

  • This quiz has been taken 5 times
  • The average score is 35 of 51

Answer Stats

GenPokémon% Correct
5Galvantula
100%
1Gastly
100%
5Genesect
100%
2Gligar
100%
4Gliscor
100%
1Goldeen
100%
5Golett
100%
3Groudon
100%
3Grovyle
100%
1Growlithe
100%
4Gabite
75%
5Garbodor
75%
4Garchomp
75%
1Geodude
75%
4Gible
75%
5Gigalith
75%
2Girafarig
75%
4Giratina
75%
4Glaceon
75%
1Gloom
75%
6Gogoat
75%
1Golem
75%
7Golisopod
75%
5Golurk
75%
6Goodra
75%
6Goomy
75%
6Gourgeist
75%
1Graveler
75%
6Greninja
75%
3Gulpin
75%
5Gurdurr
75%
7Guzzlord
75%
1Gyarados
75%
1Gengar
50%
4Glameow
50%
1Golbat
50%
1Golduck
50%
3Gorebyss
50%
5Gothita
50%
5Gothitelle
50%
5Gothorita
50%
2Granbull
50%
1Grimer
50%
4Grotle
50%
7Grubbin
50%
3Grumpig
50%
7Gumshoos
50%
4Gallade
25%
3Gardevoir
25%
4Gastrodon
25%
3Glalie
25%

Score Distribution

Percentile by Number Answered

Percent of People with Each Score

Your Score History

You have not taken this quiz